| 000 | 00476cam a2200205ua 4500 | ||
|---|---|---|---|
| 020 | _c3.00 | ||
| 041 |
_aeng _h |
||
| 082 |
_a581 _b RAG/PR |
||
| 100 | _aRaghu Rama Rao, M . | ||
| 245 |
_aPre-university Botany / _cM Raghu Rama Rao. _hTextual Documents |
||
| 250 |
_a1 / _b. |
||
| 260 |
_a : _bViswanathan , _c1957. |
||
| 300 | _a206 ; . | ||
| 365 | _a3.00 | ||
| 504 | _a | ||
| 700 | 1 | _aRao, K.N . | |
| 942 | _cBK | ||
| 999 |
_c2187 _d2187 |
||